000 00311nam a22001337a 4500
008 171012b xxu||||| |||| 00| 0 eng d
020 _a038505698985
041 _aeng
080 _a316
100 _a50
101 _aSOC
245 _aTHE SOCIAL CONSTRUCTION OF REALITY
_cBERGER.P.L
942 _2udc
_cBK
999 _c33508
_d33508